De l'inégalité parmi les sociétés (Record no. 43082)
[ view plain ]
| 000 -LEADER | |
|---|---|
| fixed length control field | 00685 a2200229 4500 |
| 003 - CONTROL NUMBER IDENTIFIER | |
| control field | 0 |
| 005 - DATE AND TIME OF LATEST TRANSACTION | |
| control field | 20160609163358.0 |
| 008 - FIXED-LENGTH DATA ELEMENTS--GENERAL INFORMATION | |
| fixed length control field | 110329t xxu||||| |||| 00| 0 eng d |
| 020 ## - NUMERO INTERNATIONAL NORMALISE DES LIVRES | |
| International Standard Book Number | 2-07-075351-4 |
| 040 ## - SOURCE DU CATALOGAGE | |
| Original cataloging agency | BUAC |
| Language of cataloging | Fre |
| Transcribing agency | BUC |
| 041 ## - CODE DE LANGUE | |
| Language code of text/sound track or separate title | Fre |
| 100 ## - VEDETTE PRINCIPALE - NOM DE PERSONNE | |
| Personal name | Diamond, Jared |
| 9 (RLIN) | 15798 |
| 100 ## - VEDETTE PRINCIPALE - NOM DE PERSONNE | |
| Language of a work | Fre |
| 9 (RLIN) | 15799 |
| 245 ## - TITLE STATEMENT | |
| Title | De l'inégalité parmi les sociétés |
| Remainder of title | : Essai sur l'homme et l'environnement dans l'histoire |
| Statement of responsibility, etc | /Jared Diamond |
| 260 ## - PUBLICATION, DISTRIBUTION, ETC. (IMPRINT) | |
| Place of publication, distribution, etc | Paris |
| Name of publisher, distributor, etc | Gallimard |
| Date of publication, distribution, etc | 2000 |
| 300 ## - PHYSICAL DESCRIPTION | |
| Extent | 484 p. |
| Dimensions | 22 cm. |
| 630 ## - SUBJECT ADDED ENTRY--UNIFORM TITLE | |
| Uniform title | PHILOSOPHIE |
| 9 (RLIN) | 15800 |
| 650 ## - SUBJECT ADDED ENTRY--TOPICAL TERM | |
| Topical term or geographic name as entry element | Inégalité : homme : philosophie |
| 9 (RLIN) | 15801 |
| 700 ## - ADDED ENTRY--PERSONAL NAME | |
| Personal name | Dauzat, Pierre Emmanuel |
| Titles and other words associated with a name | trad., |
| 9 (RLIN) | 15802 |
| 942 ## - ADDED ENTRY ELEMENTS (KOHA) | |
| Koha item type | Livre |
| Withdrawn status | Lost status | Damaged status | Not for loan | Location (home branch) | Sublocation or collection (holding branch) | Date acquired | Source of acquisition | Koha issues (times borrowed) | Koha full call number | Piece designation (barcode) | Koha date last seen | Copy number | Price effective from | Koha item type |
|---|---|---|---|---|---|---|---|---|---|---|---|---|---|---|
| Bibliothèque American Corner de l'UAC | Bibliothèque American Corner de l'UAC | 19/10/2009 | Don CCA | 303.422 DIA | 001291BAC | 19/10/2009 | 1 | 19/10/2009 | Livre | |||||
| Bibliothèque Universitaire Centrale | Bibliothèque Universitaire Centrale | DON CCA | 140 DIA | 03/08/2010 | 1 | 03/08/2010 | Livre |